Informe y diagnóstico de Jamaica sobre abstencionismo y participación /
Сохранить в:
| Корпоративные авторы: | , |
|---|---|
| Формат: | Текст |
| Язык: | Spanish |
| Опубликовано: |
San José:
ITDH
|
| Предметы: | |
| Метки: |
Добавить метку
Нет меток, Требуется 1-ая метка записи!
|
MARC
| LEADER | 00000 a a2200000 04500 | ||
|---|---|---|---|
| 001 | 32992 | ||
| 003 | cru CIDCACS/IIS | ||
| 005 | 20231115162856.0 | ||
| 008 | 170420b xxu||||| |||| 00| 0 spa d | ||
| 040 | |c cru CIDCACS/IIS |a cru CIDCACS/IIS | ||
| 090 | |a 04.04.02 I59if | ||
| 110 | |a Instituto Interamericano de Derechos Humanos. | ||
| 245 | |a Informe y diagnóstico de Jamaica sobre abstencionismo y participación / |c Instituto Interamericano de Derechos Humanos. | ||
| 260 | |a San José: |b ITDH | ||
| 300 | |a 24 p. | ||
| 650 | |a PARTICIPACION POLITICA | ||
| 650 | |a JAMAICA | ||
| 710 | |a Centro de asesoría y promoción electoral | ||
| 942 | |2 z |c LI |h 04.04.02 I59if |i 00864 |6 040402_I59IF_00864 | ||
| 999 | |c 16392 |d 16392 | ||
